Statistics for US Airlines Hubs/Focus Cities

Click here to take the quiz!

General Stats

  • This quiz has been taken 857 times
    (698 since last reset)
  • The average score is 62 of 83

Answer Stats

Hint Answer % Correct
Delta Air LinesNew York-JFK
97%
JetBlueNew York-JFK
97%
American AirlinesNew York-JFK
97%
Delta Air LinesNew York-Laguardia
96%
Alaska AirlinesSeattle
96%
Delta Air LinesSeattle/Tacoma
96%
American AirlinesNew York-Laguardia
96%
United AirlinesChicago-O'hare
95%
Spirit AirlinesChicago-O'hare
95%
Delta Air LinesLos Angeles
95%
Spirit AirlinesDallas/Fort Worth
95%
Spirit AirlinesLos Angeles
95%
Sun Country AirlinesDallas/Fort Worth
95%
United AirlinesLos Angeles
95%
Southwest AirlinesChicago-Midway
95%
Southwest AirlinesDallas-Love Field
95%
American AirlinesLos Angeles
95%
American AirlinesDallas/Fort Worth
95%
American AirlinesChicago-O'hare
95%
Frontier AirlinesChicago-O'hare
95%
Virgin AmericaDallas-Love Field
95%
Virgin AmericaLos Angeles
95%
Frontier AirlinesAtlanta
93%
Virgin AmericaSan Francisco
93%
Delta Air LinesAtlanta
93%
Spirit AirlinesAtlanta
93%
American AirlinesMiami
93%
United AirlinesSan Francisco
93%
Southwest AirlinesAtlanta
93%
Southwest AirlinesHouston-Hobby
91%
Spirit AirlinesHouston-Intercontinental
91%
United AirlinesHouston-Intercontinental
91%
JetBlueBoston
91%
Delta Air LinesBoston
91%
Frontier AirlinesDenver
90%
Southwest AirlinesDenver
90%
United AirlinesDenver
90%
Hawaiian AirlinesHonolulu
86%
Alaska AirlinesAnchorage
85%
Alaska AirlinesPortland
84%
Sun Country AirlinesMinneapolis
84%
Delta Air LinesMinneapolis
84%
Southwest AirlinesOrlando
83%
JetBlueOrlando
83%
Frontier AirlinesOrlando
83%
United AirlinesWashington-Dulles
83%
American AirlinesPhoenix
82%
Southwest AirlinesPhoenix
82%
American AirlinesWashington-Ronald Reagan
82%
Southwest AirlinesLas Vegas
81%
Spirit AirlinesLas Vegas
81%
Spirit AirlinesDetroit
80%
Southwest AirlinesSan Diego
80%
Delta Air LinesDetroit
80%
Alaska AirlinesSan Diego
80%
American AirlinesCharlotte
79%
Frontier AirlinesPhiladelphia
78%
American AirlinesPhiladelphia
78%
Delta Air LinesSalt Lake City
70%
United AirlinesNewark
68%
Southwest AirlinesBaltimore
64%
Frontier AirlinesCleveland
60%
Alaska AirlinesSan Jose
58%
JetBlueFort Lauderdale
53%
Spirit AirlinesFort Lauderdale
53%
Delta Air LinesCincinnati
49%
Delta Air LinesRaleigh/Durham
49%
Frontier AirlinesCincinnati
49%
Southwest AirlinesOakland
47%
United AirlinesTokyo-Narita
40%
Delta Air LinesTokyo-Narita
40%
Delta Air LinesParis-Charles de Gaulle
36%
Delta Air LinesAmsterdam
32%
United AirlinesGuam
31%
JetBlueSan Juan
30%
Hawaiian AirlinesKona
28%
JetBlueLong Beach
26%
Hawaiian AirlinesKahului
23%
Hawaiian AirlinesLihue
20%
Sun Country AirlinesFort Myers
15%
Frontier AirlinesTrenton
14%
Spirit AirlinesMyrtle Beach
9%
Spirit AirlinesAtlantic City
9%

Score Distribution

Percentile by Number Answered

Percent of People with Each Score

Your Score History

You have not taken this quiz since the last reset